<?xml version="1.0" encoding="UTF-8"?><?xml-stylesheet type="text/xsl" href="static/style.xsl"?><OAI-PMH xmlns="http://www.openarchives.org/OAI/2.0/" xmlns:xsi="http://www.w3.org/2001/XMLSchema-instance" xsi:schemaLocation="http://www.openarchives.org/OAI/2.0/ http://www.openarchives.org/OAI/2.0/OAI-PMH.xsd"><responseDate>2026-04-17T22:50:28Z</responseDate><request verb="GetRecord" identifier="oai:www.recercat.cat:10459.1/469840" metadataPrefix="marc">https://recercat.cat/oai/request</request><GetRecord><record><header><identifier>oai:recercat.cat:10459.1/469840</identifier><datestamp>2026-03-30T18:45:51Z</datestamp><setSpec>com_2072_3622</setSpec><setSpec>col_2072_479130</setSpec></header><metadata><record xmlns="http://www.loc.gov/MARC21/slim" xmlns:dcterms="http://purl.org/dc/terms/" xmlns:xsi="http://www.w3.org/2001/XMLSchema-instance" xmlns:doc="http://www.lyncode.com/xoai" xsi:schemaLocation="http://www.loc.gov/MARC21/slim http://www.loc.gov/standards/marcxml/schema/MARC21slim.xsd">
   <leader>00925njm 22002777a 4500</leader>
   <datafield ind2=" " ind1=" " tag="042">
      <subfield code="a">dc</subfield>
   </datafield>
   <datafield ind2=" " ind1=" " tag="720">
      <subfield code="a">Guerrero i Lladós, Montse</subfield>
      <subfield code="e">author</subfield>
   </datafield>
   <datafield ind2=" " ind1=" " tag="720">
      <subfield code="a">Martins Medeiros Robaina, Igor</subfield>
      <subfield code="e">author</subfield>
   </datafield>
   <datafield ind2=" " ind1=" " tag="720">
      <subfield code="a">Mòdol Ratés, Josep Ramon</subfield>
      <subfield code="e">author</subfield>
   </datafield>
   <datafield ind2=" " ind1=" " tag="260">
      <subfield code="c">2026-03-26</subfield>
   </datafield>
   <datafield ind2=" " ind1=" " tag="520">
      <subfield code="a">This study presents a comparative analysis of residential segregation among the three largest foreign-born populations residing in Spain: Moroccans, Romanians, and Colombians. Using data from Spain’s Population and Housing Census (INE), the research analyzed the segregation index across 34 urban areas in medium-sized cities. Three urban areas in Catalonia were selected for the intraurban case studies, and Pearson correlation coefficients were calculated for 60 sociodemographic variables. The objectives were to identify indicators that helped diagnose potential segregation contexts and to explore residential patterns by country of origin. The study was grounded in a central premise: the foreign-born population cannot be treated as a homogeneous group, as aggregation conceals group-specific inequalities and differentiated spatial configurations. The findings showed that segregation occurred. Moroccans exhibited the highest levels of segregation, which was associated with socioeconomic vulnerability and also a marked residential preference for central urban areas. Colombians displayed lower levels of segregation and greater territorial dispersion, pointing to broader residential access. Romanians presented intermediate and heterogeneous patterns, which combined localized concentrations with peripheral settlement. The results highlighted how intraurban differentiation emerged from interactions between different migrant profiles, housing opportunity structures, and urban morphology, providing an empirical basis on which to design targeted urban policies.</subfield>
   </datafield>
   <datafield ind2=" " ind1=" " tag="520">
      <subfield code="a">This research was funded by the Spanish Ministry of Science and Innovation (MCIN): Socio-spatial Segregation and Geographies of Everyday Life in Medium-Sized Spanish Cities and Their Urban Areas (PID2021-124511NB-C21). The APC was funded by PID2021-124511NB-C21</subfield>
   </datafield>
   <datafield ind1="8" ind2=" " tag="024">
      <subfield code="a">https://hdl.handle.net/10459.1/469840</subfield>
   </datafield>
   <datafield tag="653" ind2=" " ind1=" ">
      <subfield code="a">Residential segregation</subfield>
   </datafield>
   <datafield tag="653" ind2=" " ind1=" ">
      <subfield code="a">Intraurban space</subfield>
   </datafield>
   <datafield tag="653" ind2=" " ind1=" ">
      <subfield code="a">Patterns and indicators of segregation</subfield>
   </datafield>
   <datafield tag="653" ind2=" " ind1=" ">
      <subfield code="a">Medium-sized cities</subfield>
   </datafield>
   <datafield ind2="0" ind1="0" tag="245">
      <subfield code="a">Spatial Patterns and Indicators of Immigrant Residential Segregation in Catalonia’s Medium-Sized Cities</subfield>
   </datafield>
</record></metadata></record></GetRecord></OAI-PMH>